| 000 | 01073naa a22002897a 4500 | ||
|---|---|---|---|
| 001 | BR4600051 | ||
| 003 | BR-BrBNA | ||
| 005 | 20240918181859.0 | ||
| 007 | ta | ||
| 008 | 230509b bl.||||| |||| 00| 0 por d | ||
| 040 |
_aBR-BrBNA _bpor _cBiblioteca Nacional de Agricultura |
||
| 041 | _a(Es) | ||
| 072 |
_aL50 _b5000 |
||
| 090 | _aL50 BR4600051 | ||
| 100 | 1 | _aSopena, I. | |
| 111 | 1 |
_a3. Congresso Brasileiro de Veterinaria _cPorto Alegre, RS (Brazil) _d1 Oct 1945 |
|
| 245 | 1 | _aObservaciones sobre el fenomeno de la eritrosedimentacion de los animales domesticos | |
| 260 | 3 |
_aPorto Alegre, RS (Brasil): _bLiv. Globo, _c1946. |
|
| 500 | _aAnais do 3. Congresso Brasileiro de Veterinaria Porto Alegre, RS (Brasil): Liv. Globo, 1946. p. 551-557 (BR4600051-AM)L50 | ||
| 650 | _aAnimal Domestico | ||
| 650 | _aSangue | ||
| 650 | _aAglutinina | ||
| 650 | _aAnalise Quimica | ||
| 773 | 0 |
_tAnais do 3. Congresso Brasileiro de Veterinaria _wL50 BR4600051 _gPorto Alegre, RS (Brasil), 1946. p. 551-557 |
|
| 909 |
_a202404 _bLucia _c55 _dLucia Elande |
||
| 942 |
_cAM _2AGRIS |
||
| 999 |
_c327330 _d327330 |
||